Documento expedido por Antonio Torreblanca (Record no. 4883)
[ view plain ]
| 000 -CABECERA | |
|---|---|
| campo de control de longitud fija | 01711nam a2200325 a 4500 |
| 001 - NÚMERO DE CONTROL | |
| campo de control | BRCA_5189 |
| 005 - FECHA Y HORA DE LA ÚLTIMA TRANSACCIÓN | |
| campo de control | 20190320204957.0 |
| 008 - DATOS DE LONGITUD FIJA--INFORMACIÓN GENERAL | |
| campo de control de longitud fija | 241110s1827----mx-######v---#000-0#spa-# |
| 041 ## - CÓDIGO DE LENGUA | |
| Código de lengua del texto/banda sonora o título independiente | spa |
| 044 ## - CÓDIGO DEL PAÍS DE LA ENTIDAD EDITORA/PRODUCTORA | |
| Código MARC del país | mx |
| 084 ## - OTRO NÚMERO DE CLASIFICACIÓN | |
| Número de clasificación | DOC146 |
| Número de documento/Ítem | .T67 |
| -- | 1827 |
| 100 1# - ENTRADA PRINCIPAL--NOMBRE DE PERSONA | |
| Nombre de persona | Torreblanca, Antonio |
| 9 (RLIN) | 13279 |
| 245 10 - MENCIÓN DE TÍTULO | |
| Título | Documento expedido por Antonio Torreblanca |
| Mención de responsabilidad, etc. | Antonio Torreblanca, José Anzave, Ignacio Fernández. |
| 260 ## - PUBLICACIÓN, DISTRIBUCIÓN, ETC. | |
| Lugar de publicación, distribución, etc. | México |
| Fecha de publicación, distribución, etc. | 1827 |
| 300 ## - DESCRIPCIÓN FÍSICA | |
| Extensión | [16] fojas |
| Dimensiones | 32 x 23 cm |
| 500 ## - NOTA GENERAL | |
| Nota general | Documento firmado el 29 de noviembre de 1827 por Antonio Torreblanca y José Anzave |
| 500 ## - NOTA GENERAL | |
| Nota general | Expediente sobre los pleitos y dificultades entre los presos en el interior de la carcel. Antonio Torreblanca, preso se queja ante el Alcalde del ataque de que fué víctima por parte del reo Ignacio Fernández. Adjunto, varias declaraciones de otros reos |
| 500 ## - NOTA GENERAL | |
| Nota general | El documento contiene la leyenda DOC. #314 |
| 500 ## - NOTA GENERAL | |
| Nota general | Papel con marca de agua |
| 500 ## - NOTA GENERAL | |
| Nota general | En la parte superior sello con escudo Nacional e inscripción que dice: SELLO CUARTO. UNA CUARTILLA. PARA LOS AÑOS DE MIL OCHOCIENTOS VEINTE Y SEIS Y OCHOCIENTOS VEINTE Y SIETE |
| 500 ## - NOTA GENERAL | |
| Nota general | Estado de conservación: contiene manchas de acido, márgenes maltratados, fojas cocidas |
| 506 0# - NOTA DE RESTRICCIONES AL ACCESO | |
| Limitaciones de acceso | Fondo reservado: para su consulta es necesario credencial de usuario y carta de motivos |
| 546 ## - NOTA DE LENGUA/LENGUAJE | |
| Nota de lengua/lenguaje | Texto en: español de principios del siglo XIX |
| 600 14 - PUNTO DE ACCESO ADICIONAL DE MATERIA--NOMBRE DE PERSONA | |
| Nombre de persona | Torreblanca, Antonio |
| Títulos y otros términos asociados al nombre | Preso |
| 9 (RLIN) | 13280 |
| 650 14 - PUNTO DE ACCESO ADICIONAL DE MATERIA--TÉRMINO DE MATERIA | |
| Término de materia o nombre geográfico como elemento de entrada | Documentos legales |
| Subdivisión de forma | Impreso con rúbricas |
| Subdivisión general | Historia |
| Subdivisión cronológica | Federalismo y centralismo, 1824-1853 |
| Subdivisión geográfica | México |
| 9 (RLIN) | 13281 |
| 700 1# - PUNTO DE ACCESO ADICIONAL--NOMBRE DE PERSONA | |
| Nombre de persona | Fernández, Ignacio |
| Títulos y otros términos asociados al nombre | Preso |
| 9 (RLIN) | 13282 |
| 700 1# - PUNTO DE ACCESO ADICIONAL--NOMBRE DE PERSONA | |
| Nombre de persona | Anzave, José |
| Títulos y otros términos asociados al nombre | Licenciado |
| 9 (RLIN) | 13283 |
| 902 ## - CATALOGADOR | |
| Iniciales | FDH |
| 942 ## - ELEMENTOS DE PUNTO DE ACCESO ADICIONAL (KOHA) | |
| Fuente del sistema de clasificación o colocación | Library of Congress Classification |
| Tipo de ítem Koha | Documentos |
| Estado de retiro | Estado de pérdida | Estado dañado | No para préstamo | Localización permanente | Ubicación/localización actual | Fecha de adquisición | Total de préstamos | Signatura topográfica completa | Código de barras | Fecha visto por última vez | Precio válido a partir de | Tipo de ítem Koha |
|---|---|---|---|---|---|---|---|---|---|---|---|---|
| El ejemplar forma parte de la colección y puede ser consultado según las políticas vigentes. | Biblioteca del Museo Franz Mayer (Rogerio Casas-Alatriste) | Biblioteca del Museo Franz Mayer (Rogerio Casas-Alatriste) | 24/11/2010 | DOC146 .T67 1827 | 5617 | 22/03/2019 | 22/03/2019 | Documentos |